A better life / Lionel Shriver.
Available copies
- 1 of 1 copy available at LARL/NWRL Consortium. (Show)
- 1 of 1 copy available at Lake Agassiz Regional Library.
Current holds
0 current holds with 1 total copy.
Show Only Available Copies
| Location | Call Number / Copy Notes | Barcode | Shelving Location | Status | Due Date |
|---|---|---|---|---|---|
| Fosston Public Library | SHR (Text) | 33500014350540 | New | Available | - |
Record details
- ISBN: 9780063482142
- ISBN: 0063482142
- ISBN: 9780063482159
- ISBN: 0063482150
- Physical Description: 289 pages ; 24 cm.
- Edition: First edition.
- Publisher: New York, NY : Harper, 2026.
Content descriptions
| Summary, etc.: | "In a provocative novel addressing contemporary ... Read More |
Search for related items by subject
| Subject: | Single mothers > Fiction. Adult children living with parents > Fiction. Shared housing > Fiction. Immigrants > Fiction. Brooklyn (New York, N.Y.) > Fiction. |
| Genre: | Fiction. Novels. |
| LDR | 03821cam a22006018i 4500 | ||
|---|---|---|---|
| 001 | 480416 | ||
| 003 | LARL_NWRL_CONSORTIUM | ||
| 005 | 20260320204053.0 | ||
| 008 | 250620s2026 nyu e 000 1 eng | ||
| 007 | t| | ||
| 010 | . | ‡a 2025027088 | |
| 040 | . | ‡aDLC ‡beng ‡erda ‡cDLC ‡dBDX ‡dYDX ‡dIG# ‡dOCLCO ‡dTOH ‡dNZMTP ‡dHBP ‡dOCLCO | |
| 019 | . | ‡a1519660750 ‡a1527218635 ‡a1557408553 ‡a1565412389 | |
| 020 | . | ‡a9780063482142 ‡qhardcover | |
| 020 | . | ‡a0063482142 | |
| 020 | . | ‡a9780063482159 ‡qtrade paperback | |
| 020 | . | ‡a0063482150 | |
| 020 | . | ‡z9780063482166 ‡qebook | |
| 035 | . | ‡a(OCoLC)1526555521 ‡z(OCoLC)1519660750 ‡z(OCoLC)1527218635 ‡z(OCoLC)1557408553 ‡z(OCoLC)1565412389 | |
| 042 | . | ‡apcc | |
| 082 | 0 | 0. | ‡a813/.54 ‡223/eng/20250624 |
| 100 | 1 | . | ‡aShriver, Lionel ‡eauthor ‡4aut ‡4http://id.loc.gov/vocabulary/relators/aut ‡1http://id.loc.gov/rwo/agents/n86006080. ‡0(LARL_NWRL_CONSORTIUM)88159 |
| 245 | 1 | 2. | ‡aA better life / ‡cLionel Shriver. |
| 250 | . | ‡aFirst edition. | |
| 264 | 1. | ‡aNew York, NY : ‡bHarper, ‡c2026. | |
| 300 | . | ‡a289 pages ; ‡c24 cm. | |
| 334 | . | ‡asingle unit ‡bmono ‡0http://id.loc.gov/vocabulary/issuance/mono | |
| 336 | . | ‡atext ‡btxt ‡2rdacontent ‡0http://id.loc.gov/vocabulary/contentTypes/txt | |
| 337 | . | ‡aunmediated ‡bn ‡2rdamedia ‡0http://id.loc.gov/vocabulary/mediaTypes/n | |
| 338 | . | ‡avolume ‡bnc ‡2rdacarrier ‡0http://id.loc.gov/vocabulary/carriers/nc | |
| 520 | . | ‡a"In a provocative novel addressing contemporary immigration by the sharply observant Lionel Shriver, a New York family takes in a Honduran migrant-who may or may not be the innocent paragon she claims to be. Gloria Bonaventura, a divorced mother of three living with her 26-year-old son Nico in a sprawling house in Brooklyn, decides to participate in a new city program that would pay her to take in a migrant as a boarder. Liberal to the extreme, Gloria is thrilled when sweet, kind, helpful Martine arrives. But Nico is skeptical. A classic live-at-home Gen Zer with no interest in adulthood, Nico resents any interruption of his "hovercraft repose." As the months go by, Martine endears herself to both Nico's sisters, while finding her way into Gloria's heart and even, briefly, Nico's. But as Martine's disturbingly dodgy compatriots begin to show up, Nico conceives a dark twin hostile to both his mother's altruism and the "migrant crisis" in general-and turns out to be anything but a reliable narrator himself. Based loosely on a program New York City Mayor Eric Adams floated but did not initiate, A Better Life is Lionel Shriver at her best: smart, funny, and sensitive to the moral nuances of perhaps the most divisive issue of our times"-- Provided by publisher. | |
| 650 | 0. | ‡aSingle mothers ‡vFiction. ‡0(LARL_NWRL_CONSORTIUM)167259 | |
| 650 | 0. | ‡aAdult children living with parents ‡vFiction. | |
| 650 | 0. | ‡aShared housing ‡vFiction. | |
| 650 | 0. | ‡aImmigrants ‡vFiction. ‡0(LARL_NWRL_CONSORTIUM)165206 | |
| 651 | 0. | ‡aBrooklyn (New York, N.Y.) ‡vFiction. ‡0(LARL_NWRL_CONSORTIUM)163647 | |
| 653 | 0 | . | ‡aUS & CAN fiction |
| 655 | 7. | ‡aFiction. ‡2lcgft | |
| 655 | 7. | ‡aNovels. ‡2lcgft | |
| 758 | . | ‡1http://id.loc.gov/resources/instances/24255085 | |
| 758 | . | ‡4http://id.loc.gov/ontologies/bibframe/instanceOf ‡1http://id.loc.gov/resources/works/24255085 | |
| 884 | . | ‡aDLC bibframe2marc v2.10-dev ‡g20250624 ‡qDLC ‡uhttps://github.com/lcnetdev/bibframe2marc/releases/tag/v2.10-dev | |
| 905 | . | ‡uvanderl | |
| 901 | . | ‡a480416 ‡bAUTOGEN ‡c480416 ‡tbiblio ‡soclc | |

Add to basket
Permalink
Disable Highlighting